Central Library OPAC University of Rajshahi

Biochemistry / (Record no. 11576)

MARC details
000 -LEADER
fixed length control field 00880pam a2200277 a 4500
001 - CONTROL NUMBER
control field 11576
003 - CONTROL NUMBER IDENTIFIER
rucl marc code BD-RjUL
005 - DATE AND TIME OF LATEST TRANSACTION
control field 20211208235140.0
008 - FIXED-LENGTH DATA ELEMENTS--GENERAL INFORMATION
fixed length control field 140127s1996 caua b 001 0 eng
020 ## - INTERNATIONAL STANDARD BOOK NUMBER
International Standard Book Number 0805339310
035 ## - SYSTEM CONTROL NUMBER
System control number (BD-RjUL)11625
040 ## - CATALOGING SOURCE
Original cataloging agency DLC
Transcribing agency DLC
Modifying agency DLC
-- BD-RjUL
Language of cataloging eng
041 ## - LANGUAGE CODE
Language code of text/sound track or separate title eng
082 00 - DEWEY DECIMAL CLASSIFICATION NUMBER
Classification number 574.192
Edition number 20
Author mark and year MAB 1996
100 1# - MAIN ENTRY--PERSONAL NAME
Personal name Mathews, Christopher K.,
Dates associated with a name 1937-
9 (RLIN) 35808
245 10 - TITLE STATEMENT
Title Biochemistry /
Statement of responsibility, etc. Christopher K. Mathews, K.E. van Holde.
250 ## - EDITION STATEMENT
Edition statement 2nd ed.
260 ## - PUBLICATION, DISTRIBUTION, ETC. (IMPRINT)
Place of publication, distribution, etc. Menlo Park, Calif. :
Name of publisher, distributor, etc. Benjamin/Cummings Pub. Co., Inc.,
Date of publication, distribution, etc. c1996.
300 ## - PHYSICAL DESCRIPTION
Pagination xxvii, 1159 p. :
Illustrations ill. (some col.) ;
Size 29 cm.
504 ## - BIBLIOGRAPHY, ETC. NOTE
Bibliography, etc Includes bibliographical references and index.
650 #0 - SUBJECT ADDED ENTRY--TOPICAL TERM
Topical term or geographic name as entry element Biochemistry.
9 (RLIN) 35809
700 1# - ADDED ENTRY--PERSONAL NAME
Personal name Van Holde, K. E.
Fuller form of name (Kensal Edward),
Dates associated with a name 1928-
942 ## - ADDED ENTRY ELEMENTS (KOHA)
Source of classification or shelving scheme Dewey Decimal Classification
Koha item type Books
Holdings
Lost status Source of classification or shelving scheme Damaged status Not for loan Collection code Permanent Location Current Location Shelving location Date acquired Source of acquisition Cost, normal purchase price Total Checkouts Full call number Date last seen Copy number Koha item type
  Dewey Decimal Classification     Non-fiction Central Library, University of Rajshahi Central Library, University of Rajshahi   12/07/1999 Syntex chi. 70.95   574.192 MAB 1996 27/01/2014 C-3 Books